[Event "Natal Potiguar op 11th"]
[Site "Natal"]
[Date "2019.06.07"]
[Round "2"]
[White "Carneiro, Francisco Caninde S"]
[Black "Macedo, Maximo Iack Miranda"]
[Result "0-1"]
[WhiteElo "1853"]
[BlackElo "2318"]
[PlyCount "72"]
[EventDate "2019.06.07"]
[EventType "swiss"]
[EventRounds "6"]
[EventCountry "BRA"]
[SourceTitle "EXT 2020"]
[Source "ChessBase"]
[SourceDate "2019.10.17"]
[SourceVersion "1"]
[SourceVersionDate "2019.10.17"]
[SourceQuality "1"]

1. e4 c5 2. Nf3 Nc6 3. d4 cxd4 4. Nxd4 g6 5. Be3 Nf6 6. Nc3 Bg7 7. Be2 0-0 8. f4 d6 9. 0-0 Bd7 10. Qd2 Rc8 11. f5 Ne5 12. fxg6 hxg6 13. h3 a6 14. Rf4 Nc4 15. Bxc4 Rxc4 16. Rh4 Re8 17. Rf1 e5 18. Nf3 Bc6 19. b3 Nxe4 20. Nxe4 Rxe4 21. Rxe4 Bxe4 22. Ng5 Bf5 23. Qd5 Qc7 24. c4 Bf8 25. Qf3 f6 26. Qd5+ Kg7 27. Nf3 Qc6 28. Qd2 Be7 29. Nh4 Be4 30. Qe1 f5 31. Qg3 f4 32. Bxf4 exf4 33. Rxf4 d5 34. Rg4 Rf8 35. cxd5 Qb6+ 36. Kh2 Bd6 0-1

[Event "Natal Potiguar op"]
[Site "Natal"]
[Date "2017.06.04"]
[Round "5"]
[White "Carneiro, Francisco Caninde S"]
[Black "Gomes, Genildo de Souza"]
[Result "1-0"]
[WhiteElo "1844"]
[BlackElo "1588"]
[PlyCount "83"]
[EventDate "2017.06.02"]
[EventType "swiss"]
[EventRounds "6"]
[EventCountry "BRA"]
[SourceTitle "EXT 2018"]
[Source "ChessBase"]
[SourceDate "2017.10.13"]
[SourceVersion "1"]
[SourceVersionDate "2017.10.13"]
[SourceQuality "1"]

1. e4 d6 2. d4 g6 3. Nf3 Bg7 4. Bc4 Nf6 5. Nc3 0-0 6. 0-0 Nc6 7. h3 Na5 8. Bd3 Nd7 9. Bg5 f6 10. Be3 e5 11. d5 b6 12. Qd2 Rf7 13. Nh2 Nf8 14. f4 f5 15. exf5 Bxf5 16. fxe5 Bxe5 17. Bxf5 Rxf5 18. Rxf5 gxf5 19. Rf1 Nc4 20. Qe2 Nxe3 21. Qxe3 Qf6 22. Ng4 Qg7 23. Nxe5 Re8 24. Rxf5 Rxe5 25. Rxe5 Qxe5 26. Qxe5 dxe5 27. Nb5 Kf7 28. Nxa7 Ke7 29. Nb5 Kd7 30. c4 c6 31. dxc6+ Kxc6 32. Kf2 Ne6 33. b3 h5 34. Kf3 Nf4 35. h4 Ng6 36. g3 Nf8 37. Ke4 Nd7 38. Nc3 Kc5 39. a3 Kd6 40. Kf5 Kc5 41. Ke6 Kd4 42. Nb5+ 1-0

[Event "Natal Potiguar op"]
[Site "Natal"]
[Date "2017.06.02"]
[Round "1"]
[White "Carneiro, Francisco Caninde S"]
[Black "Arboes, Ana Gertrudes Danta"]
[Result "1-0"]
[WhiteElo "1844"]
[BlackElo "1267"]
[PlyCount "71"]
[EventDate "2017.06.02"]
[EventType "swiss"]
[EventRounds "6"]
[EventCountry "BRA"]
[SourceTitle "EXT 2018"]
[Source "ChessBase"]
[SourceDate "2017.10.13"]
[SourceVersion "1"]
[SourceVersionDate "2017.10.13"]
[SourceQuality "1"]

1. e4 e6 2. d4 d5 3. Nc3 Bb4 4. e5 c5 5. a3 Bxc3+ 6. bxc3 c4 7. Nf3 h6 8. a4 Ne7 9. Ba3 Bd7 10. Qb1 b6 11. g3 a6 12. Bxe7 Qxe7 13. Qxb6 0-0 14. Qb4 Nc6 15. Qb1 f6 16. exf6 Rxf6 17. Be2 Rb8 18. Qd1 a5 19. 0-0 e5 20. dxe5 Nxe5 21. Qxd5+ Qe6 22. Qxe6+ Rxe6 23. Nxe5 Rxe5 24. Bxc4+ Be6 25. Bxe6+ Rxe6 26. Rab1 Rbb6 27. Rb5 g5 28. Rfb1 Ra6 29. c4 Kf7 30. c5 Re2 31. Rb7+ Ke6 32. R7b6+ Rxb6 33. cxb6 Rxc2 34. b7 Ra2 35. b8Q Rxa4 36. Qe8+ 1-0

[Event "Santa Cruz Potiguar-ch"]
[Site "Santa Cruz"]
[Date "2016.12.18"]
[Round "4"]
[White "De Paiva, Gidilaf Xavier"]
[Black "Carneiro, Francisco Caninde S"]
[Result "0-1"]
[WhiteElo "1577"]
[BlackElo "1854"]
[PlyCount "114"]
[EventDate "2016.12.17"]
[EventType "swiss"]
[EventRounds "5"]
[EventCountry "BRA"]
[SourceTitle "CBM 176 Extra"]
[Source "ChessBase"]
[SourceDate "2017.03.02"]
[SourceVersion "1"]
[SourceVersionDate "2017.03.02"]
[SourceQuality "1"]

1. d4 d5 2. c4 c6 3. Nc3 Nf6 4. e3 e6 5. Nf3 Bd6 6. Qc2 Nbd7 7. g4 h6 8. h3 Qe7 9. Bd2 dxc4 10. Bxc4 e5 11. 0-0-0 Nb6 12. Bd3 Bd7 13. dxe5 Bxe5 14. Nxe5 Qxe5 15. f4 Qc7 16. Nb5 Qb8 17. Nd4 Qc7 18. Nb5 Qb8 19. Nd4 Qc7 20. Nf5 g6 21. Bc3 Nbd5 22. Be5 Qb6 23. Nd6+ Kf8 24. Nc4 Qd8 25. Bd6+ Kg7 26. e4 b5 27. exd5 bxc4 28. Be4 Qb6 29. dxc6 Bxc6 30. Bxc6 Qxc6 31. Be5 g5 32. Rd6 Qxh1+ 33. Qd1 Qxd1+ 34. Kxd1 Kh7 35. Bxf6 Rhg8 36. f5 Rge8 37. Rd7 Kg8 38. Kd2 Re4 39. Rc7 Rf4 40. Ke3 Re8+ 41. Be7 Rf1 42. Ke2 Rb1 43. Rxa7 Rxb2+ 44. Kf3 c3 45. Rc7 c2 46. f6 Rxa2 47. Ke3 Ra3+ 48. Kd2 Rxh3 49. Kxc2 Rh4 50. Rc4 h5 51. Kd2 Rxg4 52. Rxg4 hxg4 53. Ke2 Rc8 54. Kf2 Rc4 55. Kg3 Kh7 56. Bf8 Kg6 57. Be7 Kf5 0-1

[Event "Santa Cruz Potiguar-ch"]
[Site "Santa Cruz"]
[Date "2016.12.17"]
[Round "3"]
[White "Carneiro, Francisco Caninde S"]
[Black "Da Silva, Ruan Gabriel Maciel"]
[Result "1-0"]
[WhiteElo "1854"]
[BlackElo "1452"]
[PlyCount "39"]
[EventDate "2016.12.17"]
[EventType "swiss"]
[EventRounds "5"]
[EventCountry "BRA"]
[SourceTitle "CBM 176 Extra"]
[Source "ChessBase"]
[SourceDate "2017.03.02"]
[SourceVersion "1"]
[SourceVersionDate "2017.03.02"]
[SourceQuality "1"]

1. e4 e5 2. Nf3 Nc6 3. Bc4 Bc5 4. 0-0 Nf6 5. Re1 0-0 6. c3 d6 7. h3 Qe7 8. a4 Be6 9. Bxe6 fxe6 10. b4 Bxb4 11. cxb4 Nxb4 12. Qb3 c5 13. d4 Nd7 14. dxe5 Nxe5 15. Nxe5 dxe5 16. Be3 Rac8 17. Nd2 Rfe8 18. Rac1 Qd7 19. Red1 b6 20. Nc4 1-0

[Event "American Continental 10th"]
[Site "Praia da Pipa"]
[Date "2014.10.26"]
[Round "11"]
[White "Carneiro, Francisco Caninde S"]
[Black "Bortoloso, Moacir Canella"]
[Result "1/2-1/2"]
[WhiteElo "1887"]
[BlackElo "2190"]
[PlyCount "48"]
[EventDate "2014.10.18"]
[EventType "swiss"]
[EventRounds "11"]
[EventCountry "BRA"]
[SourceTitle "EXT 2015"]
[Source "ChessBase"]
[SourceDate "2014.11.20"]
[SourceVersion "1"]
[SourceVersionDate "2014.11.20"]
[SourceQuality "1"]

1. e4 c5 2. Nf3 e6 3. d4 cxd4 4. Nxd4 Nf6 5. Nc3 Qb6 6. Be2 Bc5 7. Be3 Nc6 8. Nxc6 Bxe3 9. fxe3 bxc6 10. Qd4 Rb8 11. b3 0-0 12. 0-0 e5 13. Qxe5 Qxe3+ 14. Kh1 d6 15. Qa5 Be6 16. Rf3 Qh6 17. Rg3 Rb7 18. Rf1 c5 19. e5 dxe5 20. Qxc5 Nd7 21. Qf2 Rc7 22. Qe1 Nc5 23. Nb5 f6 24. c4 Rb7 1/2-1/2

[Event "American Continental 10th"]
[Site "Praia da Pipa"]
[Date "2014.10.23"]
[Round "8"]
[White "Reboucas, Deive Pacheco"]
[Black "Carneiro, Francisco Caninde S"]
[Result "0-1"]
[WhiteElo "2008"]
[BlackElo "1887"]
[PlyCount "62"]
[EventDate "2014.10.18"]
[EventType "swiss"]
[EventRounds "11"]
[EventCountry "BRA"]
[SourceTitle "EXT 2015"]
[Source "ChessBase"]
[SourceDate "2014.11.20"]
[SourceVersion "1"]
[SourceVersionDate "2014.11.20"]
[SourceQuality "1"]

1. Nf3 Nc6 2. c4 e6 3. d4 d5 4. e3 Nf6 5. Nc3 Bd6 6. Bd3 0-0 7. a3 Re8 8. e4 dxe4 9. Nxe4 Nxe4 10. Bxe4 e5 11. Bxh7+ Kxh7 12. Ng5+ Kg8 13. d5 Nd4 14. Qh5 Qf6 15. Qh7+ Kf8 16. Ne4 Qg6 17. Qh8+ Ke7 18. Qh4+ Kd7 19. Qh3+ Kd8 20. Qd3 Qxg2 21. Bg5+ f6 22. 0-0-0 fxg5 23. Nxd6 cxd6 24. Qg6 Qxf2 25. Qxd6+ Bd7 26. Kb1 Qc2+ 27. Ka2 Qxc4+ 28. Kb1 Qc7 29. Qb4 Bf5+ 30. Ka2 a5 31. Qd2 Qc4+ 0-1

[Event "American Continental 10th"]
[Site "Praia da Pipa"]
[Date "2014.10.20"]
[Round "4"]
[White "Hernandez Amura, Gilberto"]
[Black "Carneiro, Francisco Caninde S"]
[Result "1-0"]
[WhiteElo "2061"]
[BlackElo "1887"]
[PlyCount "57"]
[EventDate "2014.10.18"]
[EventType "swiss"]
[EventRounds "11"]
[EventCountry "BRA"]
[SourceTitle "EXT 2015"]
[Source "ChessBase"]
[SourceDate "2014.11.20"]
[SourceVersion "1"]
[SourceVersionDate "2014.11.20"]
[SourceQuality "1"]

1. e4 e5 2. Nf3 Nc6 3. Bb5 Nf6 4. d3 d6 5. c3 Be7 6. 0-0 0-0 7. Nbd2 Bd7 8. Re1 a6 9. Ba4 b5 10. Bc2 Bg4 11. h3 Bh5 12. Nf1 Nd7 13. g4 Bg6 14. Ng3 Re8 15. d4 exd4 16. cxd4 Nb6 17. b3 Qd7 18. Bb2 Rad8 19. d5 Nb8 20. Nf5 Bf8 21. Qd4 f6 22. g5 fxg5 23. Nxg5 Bxf5 24. exf5 Qc8 25. Ne6 Rd7 26. f6 Rf7 27. fxg7 Be7 28. Qe4 Rxg7+ 29. Bxg7 1-0

[Event "American Continental 10th"]
[Site "Praia da Pipa"]
[Date "2014.10.19"]
[Round "3"]
[White "Carneiro, Francisco Caninde S"]
[Black "Arango, Andres Mauricio"]
[Result "0-1"]
[WhiteElo "1887"]
[BlackElo "2111"]
[PlyCount "62"]
[EventDate "2014.10.18"]
[EventType "swiss"]
[EventRounds "11"]
[EventCountry "BRA"]
[SourceTitle "EXT 2015"]
[Source "ChessBase"]
[SourceDate "2014.11.20"]
[SourceVersion "1"]
[SourceVersionDate "2014.11.20"]
[SourceQuality "1"]

1. e4 c5 2. Nf3 e6 3. d4 cxd4 4. Nxd4 Nf6 5. Bd3 Nc6 6. c3 d5 7. exd5 exd5 8. 0-0 Be7 9. Nf5 Bxf5 10. Bxf5 d4 11. Qf3 0-0 12. Rd1 Qb6 13. Nd2 dxc3 14. Qxc3 Rfd8 15. Re1 Bb4 16. Qc2 Nd4 17. Qa4 Nxf5 18. Nc4 Qc5 19. Re5 Qxc4 20. Rxf5 Qe4 21. Be3 Qxf5 22. Qxb4 Nd5 23. Qxb7 Nxe3 24. fxe3 Rab8 25. Qc7 Rdc8 26. Qxa7 Rxb2 27. Rf1 Rb1 28. Rxb1 Qxb1+ 29. Kf2 Rc2+ 30. Kg3 Rxa2 31. Qe7 Qg6+ 0-1

[Event "American Continental 10th"]
[Site "Praia da Pipa"]
[Date "2014.10.18"]
[Round "1"]
[White "Carneiro, Francisco Caninde S"]
[Black "Sztokbant, Bernardo Vainzoff"]
[Result "0-1"]
[WhiteElo "1887"]
[BlackElo "2271"]
[PlyCount "47"]
[EventDate "2014.10.18"]
[EventType "swiss"]
[EventRounds "11"]
[EventCountry "BRA"]
[SourceTitle "EXT 2015"]
[Source "ChessBase"]
[SourceDate "2014.11.20"]
[SourceVersion "1"]
[SourceVersionDate "2014.11.20"]
[SourceQuality "1"]

1. e4 e5 2. Nf3 Nc6 3. Bc4 Bc5 4. 0-0 Nf6 5. d3 d6 6. h3 0-0 7. Bg5 h6 8. Bh4 Na5 9. Bb3 g5 10. Bg3 Nxb3 11. axb3 Re8 12. Nc3 Bd7 13. Qd2 Nh5 14. Kh2 Bc6 15. Rae1 Qf6 16. Nd1 Nf4 17. Ne3 h5 18. Nf5 d5 19. h4 dxe4 20. hxg5 Qxf5 21. dxe4 Bxe4 22. Nh4 Qh7 23. Bxf4 exf4 24. Qxf4 0-1

[Event "Potiguar-ch"]
[Site "Natal"]
[Date "2013.10.06"]
[Round "9.6"]
[White "Carneiro, Francisco Caninde S"]
[Black "Rocha, Vitor Firmo de Souz"]
[Result "0-1"]
[WhiteElo "1913"]
[BlackElo "2037"]
[PlyCount "64"]
[EventDate "2013.09.27"]
[EventType "swiss"]
[EventRounds "9"]
[EventCountry "BRA"]
[SourceTitle "EXT 2015"]
[Source "ChessBase"]
[SourceDate "2014.11.20"]
[SourceVersion "1"]
[SourceVersionDate "2014.11.20"]
[SourceQuality "1"]

1. e4 c6 2. d4 d5 3. Nc3 dxe4 4. Nxe4 Nd7 5. Nf3 Ngf6 6. Ng3 Qc7 7. Bc4 e6 8. Qe2 Nb6 9. Bd3 c5 10. c3 c4 11. Bc2 Nbd5 12. Ne5 b5 13. a4 b4 14. Nxc4 bxc3 15. 0-0 cxb2 16. Nxb2 Be7 17. Bg5 Rb8 18. Bd3 0-0 19. Nc4 Nf4 20. Bxf4 Qxf4 21. Qe3 Nd5 22. Qe5 Bf6 23. Qh5 g6 24. Qd1 Qxd4 25. Ra2 Nf4 26. Ne4 Bg7 27. Ra3 Ba6 28. Ned6 Nxd3 29. Rxd3 Qc5 30. Qc1 Rb4 31. Qa3 Bxc4 32. Rc1 Bb2 0-1

[Event "Potiguar-ch"]
[Site "Natal"]
[Date "2013.10.05"]
[Round "7.5"]
[White "Carneiro, Francisco Caninde S"]
[Black "Macedo, Maximo Iack Miranda"]
[Result "0-1"]
[WhiteElo "1913"]
[BlackElo "2368"]
[PlyCount "110"]
[EventDate "2013.09.27"]
[EventType "swiss"]
[EventRounds "9"]
[EventCountry "BRA"]
[SourceTitle "EXT 2015"]
[Source "ChessBase"]
[SourceDate "2014.11.20"]
[SourceVersion "1"]
[SourceVersionDate "2014.11.20"]
[SourceQuality "1"]

1. e4 e6 2. d4 b6 3. Bd3 Bb7 4. Nf3 Nf6 5. Qe2 d5 6. e5 Ne4 7. c3 Be7 8. Nbd2 Nxd2 9. Bxd2 a5 10. a3 Ba6 11. Bb5+ c6 12. Bxa6 Nxa6 13. b4 Nc7 14. 0-0 0-0 15. h3 Qc8 16. Nh2 Qa6 17. Qg4 Qd3 18. Rad1 Qc2 19. Qg3 Nb5 20. a4 Na3 21. Ng4 Qg6 22. Bc1 Nc4 23. b5 cxb5 24. axb5 a4 25. Ne3 Qxg3 26. fxg3 Ra5 27. Nxc4 dxc4 28. Be3 Rxb5 29. Ra1 a3 30. Ra2 Rb3 31. Rc1 Ra8 32. Kf1 Ra5 33. Ke1 Rab5 34. Kd1 h5 35. Rcc2 Kh7 36. Bc1 Kg6 37. g4 hxg4 38. hxg4 Rb1 39. Ke2 R5b3 40. g3 b5 41. Kf2 f6 42. exf6 gxf6 43. Kg2 Bd6 44. Kf2 Kf7 45. Kg2 Ke7 46. g5 f5 47. Kh3 Kf7 48. Kh4 R3b2 49. g6+ Kxg6 50. Re2 Be7+ 51. Kh3 Rxa2 52. Rxe6+ Kf7 53. Re5 Rxc1 54. Rxf5+ Bf6 55. Rxb5 Rb2 0-1

[Event "Natal op"]
[Site "Natal"]
[Date "2013.09.08"]
[Round "5"]
[White "Carneiro, Francisco Caninde S"]
[Black "Dias, Kleber Maux"]
[Result "1/2-1/2"]
[WhiteElo "1913"]
[BlackElo "1712"]
[PlyCount "98"]
[EventDate "2013.09.06"]
[EventType "swiss"]
[EventRounds "6"]
[EventCountry "BRA"]
[SourceTitle "EXT 2016"]
[Source "ChessBase"]
[SourceDate "2015.10.08"]
[SourceVersion "1"]
[SourceVersionDate "2015.10.08"]
[SourceQuality "1"]

1. e4 c5 2. Nf3 Nc6 3. d4 cxd4 4. Nxd4 Nf6 5. Nc3 e6 6. Be3 Bb4 7. Bd3 Bxc3+ 8. bxc3 d5 9. exd5 Nxd5 10. Nxc6 Nxe3 11. Nxd8 Nxd1 12. Nxf7 Kxf7 13. Rxd1 Bd7 14. 0-0 Bc6 15. Rfe1 h6 16. Bc4 Rhe8 17. Rd6 Bd5 18. Rd7+ Kf6 19. Bb3 Rad8 20. Rxd8 Rxd8 21. f3 b5 22. Rd1 a5 23. c4 a4 24. cxd5 axb3 25. axb3 Rxd5 26. Rxd5 exd5 27. Kf2 Ke5 28. c3 d4 29. c4 bxc4 30. bxc4 d3 31. Ke3 d2 32. Kxd2 Kd4 33. c5 Kxc5 34. Ke3 Kd5 35. g4 Ke6 36. Ke4 Kf6 37. h4 Ke6 38. g5 hxg5 39. hxg5 g6 40. Kf4 Kd6 41. Kg4 Ke6 42. Kf4 Kd6 43. Kg3 Kd5 44. Kg4 Ke6 45. Kf4 Kd6 46. Kg3 Ke5 47. Kg4 Ke6 48. Kf4 Kd6 49. Kg4 Ke6 1/2-1/2

[Event "Natal Potiguar op"]
[Site "Natal"]
[Date "2013.07.06"]
[Round "3"]
[White "Carneiro, Francisco Caninde S"]
[Black "Carneiro, Jose Gildivan"]
[Result "1-0"]
[WhiteElo "1910"]
[BlackElo "1643"]
[PlyCount "70"]
[EventDate "2013.07.05"]
[EventType "swiss"]
[EventRounds "6"]
[EventCountry "BRA"]
[SourceTitle "EXT 2014"]
[Source "ChessBase"]
[SourceDate "2013.11.20"]
[SourceVersion "1"]
[SourceVersionDate "2013.11.20"]
[SourceQuality "1"]

1. e4 e5 2. Nf3 Nc6 3. Bc4 Bc5 4. 0-0 d6 5. c3 Nf6 6. d4 exd4 7. cxd4 Bb6 8. Bg5 h6 9. Bxf6 Qxf6 10. e5 dxe5 11. dxe5 Qe7 12. h3 0-0 13. Re1 Qc5 14. Qe2 Re8 15. Nc3 Qd5 16. Nd4 Qc5 17. Nf3 Nd4 18. Nxd4 Qxd4 19. Rad1 Qh4 20. b3 Ba5 21. Qf3 Be6 22. Re4 Qe7 23. Nd5 Qc5 24. b4 Bxb4 25. Nxb4 Bxc4 26. Rc1 b5 27. Qc3 a5 28. Nd3 Qd5 29. Rd4 Qe6 30. f4 Bxd3 31. Qxd3 Qb6 32. f5 c5 33. Rd6 Qc7 34. Qxb5 Rec8 35. Rd7 Qc6 1-0

[Event "Monte Alegre Potiguar-ch"]
[Site "Monte Alegre"]
[Date "2013.05.25"]
[Round "1"]
[White "De Morais, Alemberg Beserra"]
[Black "Carneiro, Francisco Caninde S"]
[Result "1-0"]
[WhiteElo "1800"]
[BlackElo "1908"]
[PlyCount "73"]
[EventDate "2013.05.25"]
[EventType "swiss"]
[EventRounds "5"]
[EventCountry "BRA"]
[SourceTitle "EXT 2015"]
[Source "ChessBase"]
[SourceDate "2014.11.20"]
[SourceVersion "1"]
[SourceVersionDate "2014.11.20"]
[SourceQuality "1"]

1. d4 d5 2. Nf3 Nf6 3. Bf4 Nc6 4. h3 e6 5. e3 Bd7 6. c4 Bb4+ 7. Nbd2 a6 8. a3 Be7 9. cxd5 exd5 10. Bd3 0-0 11. 0-0 h6 12. Rc1 Rc8 13. Re1 Re8 14. Nb3 Ne4 15. Ne5 Bh4 16. Re2 Nxe5 17. Bxe5 Ba4 18. Bxe4 dxe4 19. Rc3 Rxe5 20. Qc1 Rf5 21. Nc5 Bc6 22. Qc2 Qe7 23. Nxa6 Bb5 24. Nb4 Bxe2 25. Qxe2 Rxf2 26. Qg4 Re8 27. Nd5 Qd8 28. Nxc7 f5 29. Qh5 Rf8 30. Ne6 Qd6 31. Qxh4 Rxb2 32. Nxf8 Kxf8 33. Rc8+ Kf7 34. Qh5+ Kf6 35. Qh4+ Kg6 36. Qe1 Qxa3 37. Rc5 1-0

[Event "Joao Pessoa op 4th"]
[Site "Joao Pessoa"]
[Date "2013.03.17"]
[Round "6"]
[White "Carneiro, Francisco Caninde S"]
[Black "De Lira Machado, Alexandre Henri"]
[Result "0-1"]
[WhiteElo "1914"]
[BlackElo "2080"]
[PlyCount "64"]
[EventDate "2013.03.15"]
[EventType "swiss"]
[EventRounds "6"]
[EventCountry "BRA"]
[SourceTitle "CBM 153 Extra"]
[Source "ChessBase"]
[SourceDate "2013.04.22"]
[SourceVersion "1"]
[SourceVersionDate "2013.04.22"]
[SourceQuality "1"]

1. e4 c5 2. Nf3 e6 3. d4 cxd4 4. Nxd4 a6 5. Be2 Be7 6. 0-0 Qc7 7. Nc3 b5 8. a3 Bb7 9. Be3 d6 10. f4 Nf6 11. Bf3 Nbd7 12. Qe1 Nc5 13. Bf2 h5 14. h3 Rc8 15. Rd1 Qb8 16. Rd2 Ncd7 17. Qe2 Qa8 18. Nb3 Rxc3 19. bxc3 Nxe4 20. Bxe4 Bxe4 21. Bd4 e5 22. fxe5 dxe5 23. Be3 f5 24. Kh2 Nf6 25. Bc5 g5 26. Bxe7 g4 27. Qe3 gxh3 28. gxh3 Kxe7 29. Qc5+ Kf7 30. Qc7+ Kg6 31. Rg1+ Ng4+ 32. Kg3 h4# 0-1

[Event "Paraiban-ch op"]
[Site "Joao Pessoa"]
[Date "2011.08.07"]
[Round "6"]
[White "Carneiro, Francisco Caninde S"]
[Black "De Magalhaes, Jonathas Jose"]
[Result "0-1"]
[WhiteElo "1954"]
[BlackElo "2063"]
[PlyCount "76"]
[EventDate "2011.08.05"]
[EventType "swiss"]
[EventRounds "6"]
[EventCountry "BRA"]
[SourceTitle "EXT 2014"]
[Source "ChessBase"]
[SourceDate "2013.11.20"]
[SourceVersion "1"]
[SourceVersionDate "2013.11.20"]
[SourceQuality "1"]

1. e4 c5 2. Nf3 d6 3. d4 cxd4 4. Nxd4 Nf6 5. Nc3 a6 6. Bd3 e6 7. 0-0 Be7 8. f4 0-0 9. Be3 Nc6 10. Qf3 Qc7 11. Rae1 Bd7 12. f5 Ne5 13. Qg3 Nxd3 14. cxd3 Kh8 15. Nce2 e5 16. Nf3 Qc2 17. Nc1 Qxb2 18. Re2 Qb5 19. Rff2 Qa4 20. h3 Rac8 21. Nb3 Bb5 22. Rd2 Rc3 23. Ne1 Rfc8 24. Qf3 Bc6 25. Qg3 a5 26. Rb2 Bb5 27. Bd2 Nxe4 28. Qe3 Nxf2 29. Bxc3 Nxh3+ 30. Qxh3 Rxc3 31. Qe3 h6 32. Qd2 Rc7 33. Nxa5 Bg5 34. Qb4 Qd1 35. Rb1 Be3+ 36. Kh2 Qh5+ 37. Kg3 Qxf5 38. Qe4 Bf2+ 0-1